| 000 | 00636nam a2200217 u 4500 | ||
|---|---|---|---|
| 005 | 20210223132757.0 | ||
| 008 | 151111s2010 r 000 0 eng d | ||
| 020 | _a9789974679641 | ||
| 035 | _aUPN01000206719 | ||
| 049 | _aI | ||
| 050 | 4 |
_aQH541.14 _bW4.3 |
|
| 100 | 1 |
_aWerner, Silvia _938313 |
|
| 245 | 1 | 0 |
_aHuellas en el mar / _cSilvia Werner ; il. Bruno Fernández. |
| 260 |
_aMontevideo : _bLatinbooks, _c2010. |
||
| 300 |
_a45, [3] p. : _bil. col. |
||
| 440 | 0 | _aEcocuentos | |
| 650 | 4 |
_aECOLOGIA - _vLITERATURA INFANTIL _923452 |
|
| 650 | 4 |
_aOCEANO - _vLITERATURA INFANTIL _911223 |
|
| 905 | _aInfantil | ||
| 999 |
_c178820 _d178820 |
||